000 01228nam0a22003131 4500
001 rc\3489239
005 20260407080656.0
021 _aRU
_b[71-36241]
035 _a(NLR Aleph) 007648244
090 _a6200010
_c6200010
100 _a20130115d1971 |||y0rusy50 ca
101 0 _arus
102 _aRU
105 _aa z |||||
200 1 _aДуговые предохранители
_e(Обзор)
210 _aМосква
_cОтд-ние ВНИИЭМ по науч.-техн. информации в электротехнике
_d1971
215 _a60 с.
_cил.
_d21
300 _aАвт. указаны на обороте тит. л.
320 _aСписок лит.: с. 58 (18 назв.)
606 _aПолупроводниковые приборы
_xЗащита от перенапряжений
_2psbo
606 _aПредохранители
_2psbo
700 1 _aНамитоков
_bК.К.
_gКемаль Кадырович
701 1 _aОнуфриенко
_bЮ.И.
_gЮрий Иванович
712 0 2 _4475
_aВНИИ электромеханики
_9284356
_3RU\NLR\AUTH\886279
801 0 _aRU
_bNLR
_gpsbo
801 1 _aRU
_bELAR
_2rusmarc
852 _aNLR
_j71-6/2646
942 _cBOOK
980 _aNB